Statistics for Premier League Shirts Quiz

Click here to take the quiz!

General Stats

  • This quiz has been taken 294 times
  • The average score is 98 of 125

Answer Stats

QuestionTileSelect% Correct
Premier League Teams whose home shirt has been RedBrighton & Hove Albion
100%
Premier League Teams whose home shirt has been RedChelsea
100%
Premier League Teams whose home shirt has been RedEverton
100%
Premier League Teams whose home shirt has been RedLeicester City
100%
Premier League Teams whose home shirt has been RedTottenham Hotspur
100%
Premier League Teams whose home shirt has been RedManchester City
99%
Premier League Teams whose home shirt has been RedNewcastle United
99%
Premier League Teams whose home shirt has been BlueArsenal
98%
Premier League Teams whose home shirt has been BlueWatford
98%
Premier League Teams whose home shirt has been BlueWolverhampton Wanderers
98%
Premier League Teams whose home shirt has been BlueFulham
97%
Premier League Teams whose home shirt has been RedFulham
97%
Premier League Teams whose home shirt has been RedManchester United
97%
Premier League Teams whose home shirt has been BlueManchester United
97%
Premier League Teams whose home shirt has been BlueNewcastle United
97%
Premier League Teams whose home shirt has been RedPortsmouth
97%
Premier League Teams whose home shirt has been BlueStoke City
97%
Premier League Teams whose home shirt has been BlueSunderland
97%
Premier League Teams whose home shirt has been RedWigan Athletic
97%
Premier League Teams whose home shirt has been RedWimbledon
97%
Premier League Teams whose home shirt has been RedBirmingham City
96%
Premier League Teams whose home shirt has been BlueBlackpool
96%
Premier League Teams whose home shirt has been RedOldham Athletic
96%
Premier League Teams whose home shirt has been WhiteAston Villa
95%
Premier League Teams whose home shirt has been RedBlackburn Rovers
95%
Premier League Teams whose home shirt has been RedLiverpool
95%
Premier League Teams whose home shirt has been BlueWest Ham United
95%
Premier League Teams whose home shirt has been WhiteChelsea
94%
Premier League Teams whose home shirt has been WhiteLeicester City
94%
Premier League Teams whose home shirt has been WhiteNorwich City
94%
Premier League Teams whose home shirt has been RedArsenal
93%
Premier League Teams whose home shirt has been WhiteEverton
93%
Premier League Teams whose home shirt has been WhiteManchester City
93%
Premier League Teams whose home shirt has been BlueSwansea City
93%
Premier League Teams whose home shirt has contained Orange or Yellow as a primary colourChelsea
92%
Premier League Teams whose home shirt has been WhiteCrystal Palace
92%
Premier League Teams whose home shirt has contained Orange or Yellow as a primary colourEverton
92%
Premier League Teams whose home shirt has contained Orange or Yellow as a primary colourLeicester City
92%
Premier League Teams whose home shirt has contained Orange or Yellow as a primary colourManchester City
92%
Premier League Teams whose home shirt has contained Orange or Yellow as a primary colourMiddlesbrough
92%
Premier League Teams whose home shirt has been Striped or HoopedPortsmouth
92%
Premier League Teams whose home shirt has contained Orange or Yellow as a primary colourStoke City
92%
Premier League Teams whose home shirt has contained Orange or Yellow as a primary colourBlackburn Rovers
91%
Premier League Teams whose home shirt has been WhiteBlackpool
91%
Premier League Teams whose home shirt has been Striped or HoopedDerby County
91%
Premier League Teams whose home shirt has been Striped or HoopedLiverpool
91%
Premier League Teams whose home shirt has been WhiteMiddlesbrough
91%
Premier League Teams whose home shirt has contained Orange or Yellow as a primary colourWest Bromwich Albion
91%
Premier League Teams whose home shirt has contained Orange or Yellow as a primary colourArsenal
90%
Premier League Teams whose home shirt has contained Orange or Yellow as a primary colourAston Villa
90%
Premier League Teams whose home shirt has been Striped or HoopedBarnsley
90%
Premier League Teams whose home shirt has contained Orange or Yellow as a primary colourBournemouth
90%
Premier League Teams whose home shirt has contained Orange or Yellow as a primary colourNottingham Forest
90%
Premier League Teams whose home shirt has contained Orange or Yellow as a primary colourPortsmouth
90%
Premier League Teams whose home shirt has contained Orange or Yellow as a primary colourReading
90%
Premier League Teams whose home shirt has been BlueChelsea
89%
Premier League Teams whose home shirt has been BlueLeeds United
89%
Premier League Teams whose home shirt has contained Orange or Yellow as a primary colourLiverpool
89%
Premier League Teams whose home shirt has been WhitePortsmouth
89%
Premier League Teams whose home shirt has contained Orange or Yellow as a primary colourWigan Athletic
89%
Premier League Teams whose home shirt has been Striped or HoopedBolton Wanderers
88%
Premier League Teams whose home shirt has been BlueEverton
88%
Premier League Teams whose home shirt has contained Orange or Yellow as a primary colourHuddersfield Town
88%
Premier League Teams whose home shirt has contained Orange or Yellow as a primary colourCoventry City
87%
Premier League Teams whose home shirt has been BlueLeicester City
87%
Premier League Teams whose home shirt has contained Orange or Yellow as a primary colourSheffield Wednesday
87%
Premier League Teams whose home shirt has been WhiteSunderland
87%
Premier League Teams whose home shirt has been WhiteBirmingham City
86%
Premier League Teams whose home shirt has been BlueManchester City
86%
Premier League Teams whose home shirt has been RedAston Villa
85%
Premier League Teams whose home shirt has been WhiteBlackburn Rovers
85%
Premier League Teams whose home shirt has been Striped or HoopedFulham
82%
Premier League Teams whose home shirt has been WhiteHuddersfield Town
82%
Premier League Teams whose home shirt has been RedMiddlesbrough
82%
Premier League Teams whose home shirt has been WhiteBrighton & Hove Albion
81%
Premier League Teams whose home shirt has been RedNottingham Forest
81%
Premier League Teams whose home shirt has been WhiteNewcastle United
80%
Premier League Teams whose home shirt has been WhiteWigan Athletic
80%
Premier League Teams whose home shirt has been WhiteWimbledon
80%
Premier League Teams whose home shirt has contained Orange or Yellow as a primary colourWimbledon
79%
Premier League Teams whose home shirt has been WhiteOldham Athletic
78%
Premier League Teams whose home shirt has been Striped or HoopedNewcastle United
74%
Premier League Teams whose home shirt has been BluePortsmouth
73%
Premier League Teams whose home shirt has been Striped or HoopedSunderland
71%
Premier League Teams whose home shirt has been WhiteTottenham Hotspur
71%
Premier League Teams whose home shirt has been BlueBirmingham City
70%
Premier League Teams whose home shirt has been BlueCardiff City
70%
Premier League Teams whose home shirt has been WhiteDerby County
70%
Premier League Teams whose home shirt has been Striped or HoopedStoke City
70%
Premier League Teams whose home shirt has been Striped or HoopedWest Bromwich Albion
70%
Premier League Teams whose home shirt has contained Orange or Yellow as a primary colourWolverhampton Wanderers
70%
Premier League Teams whose home shirt has been RedCharlton Athletic
69%
Premier League Teams whose home shirt has contained Orange or Yellow as a primary colourHull City
69%
Premier League Teams whose home shirt has been Striped or HoopedSouthampton
68%
Premier League Teams whose home shirt has contained Orange or Yellow as a primary colourWatford
68%
Premier League Teams whose home shirt has been WhiteFulham
67%
Premier League Teams whose home shirt has been WhiteSwansea City
67%
Premier League Teams whose home shirt has been WhiteLeeds United
65%
Premier League Teams whose home shirt has been Striped or HoopedQueens Park Rangers
64%
Premier League Teams whose home shirt has been Striped or HoopedSheffield United
64%
Premier League Teams whose home shirt has been Striped or HoopedBrighton & Hove Albion
61%
Premier League Teams whose home shirt has contained Orange or Yellow as a primary colourNorwich City
60%
Premier League Teams whose home shirt has been Striped or HoopedHuddersfield Town
58%
Premier League Teams whose home shirt has been BlueIpswich Town
58%
Premier League Teams whose home shirt has contained Orange or Yellow as a primary colourBlackpool
57%
Premier League Teams whose home shirt has been WhiteBolton Wanderers
55%
Premier League Teams whose home shirt has been Striped or HoopedCrystal Palace
55%
Premier League Teams whose home shirt has been RedBarnsley
53%
Premier League Teams whose home shirt has been BlueCoventry City
53%
Premier League Teams whose home shirt has been Striped or HoopedHull City
53%
Premier League Teams whose home shirt has been BlueReading
51%
Premier League Teams whose home shirt has been Striped or HoopedReading
51%
Premier League Teams whose home shirt has been Striped or HoopedBournemouth
50%
Premier League Teams whose home shirt has been Striped or HoopedSheffield Wednesday
49%
Premier League Teams whose home shirt has been RedSwindon Town
47%
Premier League Teams whose home shirt has been BlueQueens Park Rangers
46%
Premier League Teams whose home shirt has been Striped or HoopedWigan Athletic
44%
Premier League Teams whose home shirt has been BlueOldham Athletic
38%
Premier League Teams whose home shirt has been BlueWimbledon
38%
Premier League Teams whose home shirt has been RedSunderland
34%
Premier League Teams whose home shirt has been RedCardiff City
33%
Premier League Teams whose home shirt has been Striped or HoopedBradford City
30%
Premier League Teams whose home shirt has been Striped or HoopedWatford
26%
Premier League Teams whose home shirt has been Striped or HoopedCoventry City
14%
Premier League Teams whose home shirt has been Striped or HoopedAston Villa
12%

Score Distribution

Percentile by Number Answered

Percent of People with Each Score

Your Score History

You have not taken this quiz